| 000 | 00685nam a2200241Ia 4500 | ||
|---|---|---|---|
| 003 | OSt | ||
| 005 | 20220925195507.0 | ||
| 006 | a|||||r|||| 00| 0 | ||
| 007 | ta | ||
| 008 | 220923b |||||||| |||| 00| 0 eng d | ||
| 020 | _a0256149461 | ||
| 037 | _cGeneral Book | ||
| 040 |
_aRTL _cRTL _beng |
||
| 041 |
_2eng _aeng |
||
| 082 | _aX9:(R4), N5 | ||
| 100 |
_aBadaracco Joseph L _9254697 |
||
| 245 | 0 |
_aBusiness ethics _b Roles and responsibilities |
|
| 260 |
_aChicago _bIrwin _c1995 |
||
| 300 |
_axiii, 588p _ccm. |
||
| 650 |
_aIndustrial Econmics irt Ethics _9254698 |
||
| 942 |
_hX9:(R4), N5 _cGB _2CC |
||
| 999 |
_c533121 _d533121 |
||